000 01484ncm a2200397 c 4500
999 _c322222
_d322222
003 BLK
005 20200513095634.0
008 180414b bul |a|er|||| |0| c|bulo|
010 _aNOT00004145000
040 _aBLK
041 _aBUL
_cBUL
080 _aЗа щипкови инструменти без гриф. Арфа
_b787.5
_z787.5
139 _aИзбрани пиеси за арфа
_bИ 35
245 1 0 _aИзбрани пиеси за арфа
_cсъстав. и ред. Малина Христова.
257 _aSB
260 _bНаука и изкуство
_c1968
_aСофия
300 _a44 с.
_c31 см
380 _a7
505 _rМакс Бютнер.
_tПрелюд и фуга
505 _rВирджилио Мортари.
_tСонатина
505 _rНино Рота.
_tСарабанда и токата
505 _tПрелюд
505 _tАриета
505 _rДушан Радич.
_tТокатина
505 _rСергей Сергеевич Прокофиев.
_tПиеса
505 _rКарлос Салцедо.
_tПесен в нощта
650 4 _aАрфа - композиции
_9147449
653 _aарфа
653 _aпиеси
700 1 _aХристова, Малина
_eсъстав. и ред.
_9363242
852 _aЦб М ІІ 4866
_p8
856 4 _qpdf
_u
856 4 _qpdf
_u
942 _cNOT
_n0
_s1
944 _aCR
_c20.10.2017
_kИрена_Линкова
944 _aED
_c20.10.2017
_kИрена_Линкова
999 _d322222